| 000 -LEADER |
| fixed length control field |
00976nam a2200229Ia 4500 |
| 001 - CONTROL NUMBER |
| control field |
19459 |
| 003 - CONTROL NUMBER IDENTIFIER |
| control field |
GE_BSU |
| 008 - FIXED-LENGTH DATA ELEMENTS--GENERAL INFORMATION |
| fixed length control field |
181216s||||||||xx |||||||||||||| ||und|| |
| 040 ## - CATALOGING SOURCE |
| Transcribing agency |
GE_BSU |
| 080 ## - UNIVERSAL DECIMAL CLASSIFICATION NUMBER |
| Universal Decimal Classification number |
81(479.22)(092) |
| 245 ## - TITLE STATEMENT |
| Title |
არნოლდ ჩიქობავას დაბადების 80 წლისთავისადმი მიძღვნილი კრებული |
| 245 ## - TITLE STATEMENT |
| Statement of responsibility, etc. |
რედ:შ.ძიძიგური |
| 260 ## - PUBLICATION, DISTRIBUTION, ETC. |
| Place of publication, distribution, etc. |
თბილისი |
| 260 ## - PUBLICATION, DISTRIBUTION, ETC. |
| Name of publisher, distributor, etc. |
მეცნიერება |
| 260 ## - PUBLICATION, DISTRIBUTION, ETC. |
| Date of publication, distribution, etc. |
1979 |
| 300 ## - PHYSICAL DESCRIPTION |
| Extent |
264გვ, 1ფ. პორტრ, 26სმ |
| 300 ## - PHYSICAL DESCRIPTION |
| Other physical details |
ზოგიერთი სტატია რუს. გერმ. ფრანგ. ენ.. |
| 653 ## - INDEX TERM--UNCONTROLLED |
| Uncontrolled term |
ქართველი ენათმეცნიერები; ქართველური ენები; ქართული ენა; |
| 653 ## - INDEX TERM--UNCONTROLLED |
| Uncontrolled term |
ქართული ენა |
| 942 ## - ADDED ENTRY ELEMENTS (KOHA) |
| Koha item type |
წიგნი |